000 00517nam a2200157Ia 4500
008 220216s9999 xx 000 0 und d
100 _aJoseph M
245 0 _aTranslocation and accumulation of calcium in rubber (Hevea brasiliensis)
260 _bPLACROSYM XIX, 7-10 December 2010, Kottayam. Climate Change. 19th Biennial Symposium on Plantation Crops. Abstracts.pp.128-129.
650 _aAccumulation
650 _aCalcium
650 _aLime
650 _aTranslocation
700 _aSyamala V K
942 _cBS
999 _c52224
_d52224